Statistics for Top 20 European Countries With The Youngest Median Age

Click here to take the quiz!

General Stats

  • This quiz has been taken 82 times
  • The average score is 17 of 20

Answer Stats

AgeAnswer% Correct
40.6United Kingdom
97%
41.7France
93%
37.8Ireland
93%
41.1Sweden
93%
39.4Norway
91%
42.8Netherlands
90%
41.2Ukraine
90%
42.0Denmark
88%
41.9Poland
85%
40.3Russia
85%
42.7Switzerland
85%
41.6Belgium
84%
34.3Albania
82%
37.1Iceland
81%
39.5Luxembourg
79%
42.5Romania
79%
41.8Slovakia
79%
40.9Belarus
78%
39.6Montenegro
69%
42.3Malta
68%

Score Distribution

Percentile by Number Answered

Percent of People with Each Score

Your Score History

You have not taken this quiz